LIBRARY & INFORMATION CENTRE, KCAET, TAVANUR

ONLINE PUBLIC ACCESS CATALOGUE (OPAC)

Normal view MARC view
  • K A Nilakanth Sastri

Entry Personal Name

Number of records used in: 1

001 - CONTROL NUMBER

  • control field: 4631

003 - CONTROL NUMBER IDENTIFIER

  • control field: OSt

005 - DATE AND TIME OF LATEST TRANSACTION

  • control field: 20200624155206.0

008 - FIXED-LENGTH DATA ELEMENTS

  • fixed length control field: 200624|| aca||aabn | a|a d

040 ## - CATALOGING SOURCE

  • Original cataloging agency: OSt
  • Transcribing agency: OSt

100 ## - HEADING--PERSONAL NAME

  • Personal name: K A Nilakanth Sastri

670 ## - SOURCE DATA FOUND

  • Source citation: Work cat.: (OSt): K A Nilakanth Sastri, History of India: Part 2
free website counter